|
|
|
|
| LEADER |
00000cam a2200000 a 4500 |
| 001 |
8889 |
| 005 |
20230711063023.0 |
| 008 |
947040|1947 ||||||||r|||||||||||spa|| |
| 040 |
|
|
|b spa
|
| 041 |
1 |
|
|a spa
|
| 082 |
0 |
|
|a 923
|
| 100 |
1 |
|
|a Monsalve Pozo, Luis
|9 8128
|
| 245 |
1 |
1 |
|a Síntesis de Espejo
|c Luis Monsalve Pozo
|h imp
|
| 264 |
|
|
|a Cuenca
|b s.e.
|c 1947
|
| 300 |
|
|
|a 20 páginas:
|c 20 cm
|
| 500 |
|
|
|a ver 9445
|
| 600 |
1 |
7 |
|a Espejo, Eugenio.
|d 1747-1795
|9 6871
|
| 852 |
|
|
|a UC-CDJBV
|c ESTANTERIA CERRADA
|f Donación
|k margarita.gutierrez
|l 1
|m Limitada
|p 19470407
|q 1,00
|t 8889
|b 1
|d CDRC
|e CDRC
|g 923 ESTANTERIA CERRADA
|z 1947-70-40
|
| 942 |
|
|
|c BK
|
| 999 |
|
|
|c 11911
|d 11911
|